000 00626nam a22001817a 4500
999 _c177242
_d177242
005 20210215173033.0
010 _aENG-128986
020 _c695.00
_a978-93-86473-92-9
035 _aEN-112518
037 _bDBAD/PUB
082 _a954.035
100 _aSingh, RNP
245 _aDid India Fail Frontier Gandhi?/
_cRNP Singh
_bDurand Line
260 _aNew Delhi
_bVitasta Publishing Pvt. Ltd.
_c2020
270 _bNew Delhi
_a2/15, Ansari Roaad, Daryaganj
_e110002
_minfo@vitastapublishing.com
300 _axxxix+310p.
_c23cm(hbk)
_bIncluding Maps, Illustrations, and index.
942 _2ddc
_cEN
_h954.035
_mSIN